000 00533 a2200169 4500
003 Nust
005 20170207153357.0
040 _cNust
082 _a005.1
100 _aAkhtar , Muhammad Capt BESE-6
245 _aFreeqency domain analysis of high resolution signal averaged ecg for detection of ventriculab late potential (Hard / Softcopy)
_cCapt Muhammad Akhtar & Capt Rizwan Ali Mir BESE-6
260 _bMCS
_c2004
300 _a89 :p
538 _aAlmirah No.71 Shelf No.4
650 _a UG Projects
651 _a UG CS Projects
942 _cPRG
999 _c184814
_d184814